000 00883nam a2200241Ia 4500
003 OSt
005 20220923221614.0
006 a|||||r|||| 00| 0
007 ta
008 220922b |||||||| |||| 00| 0 hin d
024 _a198,543
037 _cTextual
040 _aARTS
_cARTS
_bhin
041 _2hin
_ahin
082 _aP152:45, L3
100 _aश्रीवास्तव, मुरलीधर
245 0 _aहिन्दी के यूरोपीय विद्वान व्यक्तित्व और कृतित्व
246 _aHindī ke yūropīya vidvān vyaktitva aur kṛutitva
260 _aबिहार
_b बिहार ब्रंथ अकादमी
_c1973
300 _a449पृ.
_ccm.
942 _hP152:45, L3
_cTEXL
_2CC
999 _c350368
_d350368